| 000 | 00439cam a2200157ua 4500 | ||
|---|---|---|---|
| 041 |
_aeng _h |
||
| 082 |
_a028.71632 _bKEE/HA |
||
| 100 | _aKeeler, Richard F . | ||
| 245 |
_aHand book of natural toxins vol-1 plant and fungal toxins / _cRichard F Keeler. _hTextual Documents |
||
| 260 |
_aNew York : _bMarcel Dekker Inc. , _c1983. |
||
| 300 | _a930 ; . | ||
| 504 | _a | ||
| 700 | 1 | _aAnthony , T . | |
| 942 | _cBK | ||
| 999 |
_c10328 _d10328 |
||